|
|
|
|
| LEADER |
00000nam a2200000 a 4500 |
| 001 |
vtls010740819 |
| 003 |
SK-MaSNL |
| 005 |
20260301175359.0 |
| 008 |
240318s2015 xo dal f p 000 0 slo |
| 015 |
|
|
|a SNBA2015/09
|
| 020 |
|
|
|a 9788055213316
|q (brož.)
|
| 035 |
|
|
|a 269B76AB-C647-4D33-88B2-0D4854AB4D8A
|
| 035 |
|
|
|a urn:nbn:sk:snk-aml8k5
|
| 035 |
|
|
|a urn:nbn:sk:snk-am008si6
|
| 040 |
|
|
|a SNK
|b slo
|c SNK
|e AACR2
|
| 041 |
0 |
|
|a slo
|
| 044 |
|
|
|a xo
|c SK
|
| 072 |
|
7 |
|a 633
|x Rastlinná výroba
|2 konspekt
|
| 080 |
|
|
|a 633.2/.3
|2 2001
|
| 080 |
|
|
|a 636.085/.087
|2 2001
|
| 080 |
|
|
|a 636.084.4
|2 2001
|
| 080 |
|
|
|a (075.8)
|2 2001
|
| 100 |
1 |
|
|a Jančovič, Ján,
|d 1949-
|4 aut
|9 86021
|
| 245 |
1 |
0 |
|a Krmovinárstvo
|c Ján Jančovič, Ľuboš Vozár, Peter Kovár
|
| 250 |
|
|
|a 1. vyd.
|
| 260 |
|
|
|a Nitra
|b Slovenská poľnohospodárska univerzita, Fakulta agrobiológie a potravinových zdrojov, Katedra trávnych ekosystémov a kŕmnych plodín
|b Vydavateľstvo SPU
|c 2015
|
| 300 |
|
|
|a 159 s.
|b grafy, ilustr., sch., tab.
|c 29 cm
|
| 504 |
|
|
|a Bibliogr.: s. 155-156
|
| 521 |
3 |
|
|a Pre študentov SPU
|
| 650 |
0 |
7 |
|a krmoviny
|2 SNKPH
|9 14432
|
| 650 |
0 |
7 |
|a Fodder crops
|2 SNKPHeng
|9 349874
|
| 650 |
0 |
7 |
|a krmivá
|2 SNKPH
|9 2812
|
| 650 |
0 |
7 |
|a Feeds
|2 SNKPHeng
|9 314590
|
| 650 |
0 |
7 |
|a výživa hospodárskych zvierat
|2 SNKPH
|9 2833
|
| 650 |
0 |
7 |
|a Livestock nutrition
|2 SNKPHeng
|9 440277
|
| 655 |
|
7 |
|a učebnice vysokých škôl
|2 SNKPH
|9 70191
|
| 655 |
|
7 |
|a Textbooks (higher)
|2 SNKPHeng
|9 276436
|
| 700 |
1 |
|
|a Vozár, Ľuboš
|4 aut
|9 301679
|
| 700 |
1 |
|
|a Kovár, Peter
|4 aut
|9 368518
|
| 852 |
|
|
|a Štátna vedecká knižnica v Banskej Bystrici
|
| 919 |
|
|
|a 978-80-552-1331-6
|
| 958 |
|
|
|a OND
|
| 958 |
|
|
|a NB
|
| 999 |
|
|
|c 842732
|d 844662
|
| 952 |
|
|
|a SNK
|b SNK
|y PREZ
|7 0
|p 17A1169157
|o snkSB 88685
|i snk2015/23335
|8 0
|0 0
|1 0
|4 0
|d 2015-07-30
|f 1
|l 0
|r 2025-05-13 00:00:00
|w 2026-02-24
|
| 952 |
|
|
|a SNK
|b SNK
|y VYP
|7 0
|p 17A1169158
|o snkSB 88685 D1
|i snk2015/23336
|8 0
|0 0
|1 0
|4 0
|d 2015-07-30
|l 0
|r 2026-02-24 04:16:38
|w 2026-02-24
|